[Event "Titled Tuesday intern op 12th Mar Early"]
[Site "Chess.com INT"]
[Date "2024.03.12"]
[Round "7"]
[White "Sihite, Chelsie Monica"]
[Black "Khakhinov, Ilya"]
[Result "1-0"]
[WhiteElo "2245"]
[BlackElo "2236"]
[PlyCount "75"]
[EventDate "2024.03.12"]
[EventType "swiss (blitz)"]
[EventRounds "11"]
[EventCountry "USA"]
[SourceTitle "CB12_2024"]
[SourceDate "2023.10.01"]
[SourceVersion "1"]
[SourceVersionDate "2023.10.01"]
[SourceQuality "1"]

1. e4 d6 2. d4 Nf6 3. Nc3 e5 4. dxe5 dxe5 5. Qxd8+ Kxd8 6. Bg5 Be6 7. 0-0-0+ Nbd7 8. Bxf6+ gxf6 9. f3 Bd6 10. Nb5 Ke7 11. Nxd6 cxd6 12. Ne2 a6 13. Nc3 Rhc8 14. h4 Rc5 15. g3 b5 16. Rh2 b4 17. Na4 Rc7 18. b3 a5 19. Bh3 Rg8 20. Bxe6 fxe6 21. g4 Rc6 22. Nb2 Nb6 23. Rhd2 d5 24. Re2 d4 25. Nd3 Rc3 26. Rg2 h6 27. Rdg1 Rgc8 28. Kb1 Na8 29. g5 hxg5 30. hxg5 fxg5 31. Nxe5 Kf6 32. Nd3 Rg8 33. f4 Nc7 34. Rxg5 Ra8 35. Rg6+ Ke7 36. Rg7+ Kd6 37. Ne5 Rd8 38. Nf7+ 1-0

[Event "Asian Games tt (Women)"]
[Site "Hangzhou"]
[Date "2023.10.02"]
[Round "4.12"]
[White "Sihite, Chelsie Monica"]
[Black "Mendoza, Shania Mae"]
[Result "1/2-1/2"]
[WhiteElo "2251"]
[BlackElo "2023"]
[PlyCount "80"]
[EventDate "2023.09.29"]
[EventType "team-tourn"]
[EventRounds "9"]
[EventCountry "CHN"]
[SourceTitle "EXT 2024"]
[Source "ChessBase"]
[SourceDate "2023.10.10"]
[SourceVersion "1"]
[SourceVersionDate "2023.10.10"]
[SourceQuality "1"]
[WhiteTeam "Indonesia (W)"]
[BlackTeam "Philippines (W)"]
[WhiteTeamCountry "INA"]
[BlackTeamCountry "PHI"]

1. e4 g6 2. d4 Bg7 3. Nc3 c6 4. Nf3 d5 5. e5 f6 6. exf6 exf6 7. Be3 Ne7 8. Bd3 Nf5 9. Bd2 0-0 10. 0-0 Nd6 11. a4 Re8 12. Re1 Be6 13. a5 Nd7 14. h3 b6 15. Bf4 Bf8 16. Qd2 b5 17. b3 a6 18. Bh6 Bf5 19. Bxf8 Nxf8 20. Bxf5 Nxf5 21. Na2 Nd6 22. Rxe8 Qxe8 23. Re1 Ne4 24. Qb4 Ne6 25. Nd2 f5 26. f3 c5 27. Nxe4 dxe4 28. dxc5 exf3 29. Qd2 Qc6 30. Qd6 Qxc5+ 31. Qxc5 Nxc5 32. gxf3 Kf7 33. Nb4 Rd8 34. Re5 Rc8 35. Rd5 Ke7 36. Rd2 Ke6 37. h4 h6 38. Rg2 Kf7 39. Rd2 Ke6 40. Rg2 Kf7 1/2-1/2

[Event "Budapest FS08 IM"]
[Site "Budapest"]
[Date "2023.08.09"]
[Round "5"]
[White "Citra, Dewi Ardhiani Anast"]
[Black "Sihite, Chelsie Monica"]
[Result "1/2-1/2"]
[WhiteElo "2258"]
[BlackElo "2251"]
[PlyCount "63"]
[EventDate "2023.08.05"]
[EventType "tourn"]
[EventRounds "9"]
[EventCountry "HUN"]
[EventCategory "2"]
[SourceTitle "CBM 215 Extra"]
[Source "ChessBase"]
[SourceDate "2023.09.30"]
[SourceVersion "1"]
[SourceVersionDate "2023.09.30"]
[SourceQuality "1"]

1. g3 g6 2. Bg2 Bg7 3. Nf3 Nf6 4. d3 d5 5. Nbd2 0-0 6. 0-0 c5 7. e4 dxe4 8. Nxe4 Nxe4 9. dxe4 Nc6 10. c3 h6 11. Be3 b6 12. Qxd8 Rxd8 13. Rfd1 Ba6 14. Bf1 Bxf1 15. Kxf1 Kf8 16. Ke2 Ke8 17. Rxd8+ Rxd8 18. Rd1 Rxd1 19. Kxd1 Kd7 20. Kc2 h5 21. b3 Ne5 22. Nxe5+ Bxe5 23. Kd3 Kc6 24. h3 e6 25. Bg5 b5 26. Bd2 a6 27. Be1 Bf6 28. f3 Be5 29. Bf2 Bd6 30. Be1 Be5 31. Bf2 Bd6 32. Be1 1/2-1/2

[Event "PRO League Prelim"]
[Site "Chess.com INT"]
[Date "2023.03.09"]
[Round "4.3"]
[White "Harika, Dronavalli"]
[Black "Sihite, Chelsie Monica"]
[Result "1-0"]
[WhiteElo "2507"]
[BlackElo "2266"]
[PlyCount "91"]
[EventDate "2023.02.14"]
[EventType "team-swiss (rapid)"]
[EventRounds "5"]
[EventCountry "USA"]
[SourceTitle "CBM 213 Extra"]
[Source "ChessBase"]
[SourceDate "2023.05.31"]
[SourceVersion "1"]
[SourceVersionDate "2023.05.31"]
[SourceQuality "1"]
[WhiteTeam "MGD1"]
[BlackTeam "Norway Gnomes"]
[WhiteTeamCountry "IND"]
[BlackTeamCountry "NOR"]

1. c4 c5 2. Nf3 Nf6 3. Nc3 Nc6 4. d4 cxd4 5. Nxd4 g6 6. e4 d6 7. Be2 Bg7 8. Be3 0-0 9. 0-0 Bd7 10. Rc1 Nxd4 11. Bxd4 Bc6 12. Qd3 a5 13. f4 Nd7 14. Bxg7 Kxg7 15. Qd4+ f6 16. b3 Qb6 17. Qxb6 Nxb6 18. Bg4 h5 19. Be6 f5 20. exf5 gxf5 21. Rfe1 Kf6 22. Re3 h4 23. Rce1 Rh8 24. Kf2 Rh7 25. Bd5 Bxd5 26. Nxd5+ Nxd5 27. cxd5 Re8 28. Re6+ Kf7 29. Rc1 Kf8 30. Rc7 b6 31. Rxd6 exd6 32. Rxh7 Re4 33. Rxh4 Rd4 34. Ke3 Rxd5 35. Rh8+ Kg7 36. Rb8 b5 37. h3 Rc5 38. g4 b4 39. Ra8 Rc3+ 40. Kd4 Rf3 41. gxf5 Kf6 42. Kd5 Rxf4 43. Kxd6 Rd4+ 44. Kc5 Rd3 45. Rxa5 Rxh3 46. Kxb4 1-0

[Event "PRO League Prelim"]
[Site "Chess.com INT"]
[Date "2023.03.09"]
[Round "4.1"]
[White "Sihite, Chelsie Monica"]
[Black "Erigaisi, Arjun Kumar"]
[Result "0-1"]
[WhiteElo "2266"]
[BlackElo "2701"]
[PlyCount "50"]
[EventDate "2023.02.14"]
[EventType "team-swiss (rapid)"]
[EventRounds "5"]
[EventCountry "USA"]
[SourceTitle "CBM 213 Extra"]
[Source "ChessBase"]
[SourceDate "2023.05.31"]
[SourceVersion "1"]
[SourceVersionDate "2023.05.31"]
[SourceQuality "1"]
[WhiteTeam "Norway Gnomes"]
[BlackTeam "MGD1"]
[WhiteTeamCountry "NOR"]
[BlackTeamCountry "IND"]

1. c4 e6 2. g3 d5 3. Bg2 dxc4 4. Qa4+ Nd7 5. Qxc4 a6 6. Qc2 c5 7. Nc3 Ngf6 8. Nh3 Bd6 9. Ng5 0-0 10. Nce4 Be7 11. h4 Ra7 12. h5 h6 13. Nxf6+ Nxf6 14. Ne4 Nd5 15. a3 b6 16. d3 Rc7 17. g4 Bb7 18. Rg1 Kh8 19. Bh3 Bh4 20. Bd2 f5 21. gxf5 exf5 22. Ng3 f4 23. Ne4 Ne3 24. Qc3 Bxe4 25. dxe4 Bxf2+ 0-1

[Event "Titled Tuesday intern op 17th Jan Early"]
[Site "Chess.com INT"]
[Date "2023.01.17"]
[Round "3"]
[White "Sihite, Chelsie Monica"]
[Black "Cramling Bellon, Anna"]
[Result "1-0"]
[WhiteElo "2266"]
[BlackElo "2072"]
[PlyCount "55"]
[EventDate "2023.01.17"]
[EventType "swiss (blitz)"]
[EventRounds "11"]
[EventCountry "USA"]
[SourceTitle "CBM 212 Extra"]
[Source "ChessBase"]
[SourceDate "2023.03.31"]
[SourceVersion "1"]
[SourceVersionDate "2023.03.31"]
[SourceQuality "1"]

1. e4 c5 2. Nf3 e6 3. d4 cxd4 4. Nxd4 Nf6 5. Nc3 Nc6 6. Nxc6 bxc6 7. Bd3 e5 8. 0-0 Be7 9. f4 d6 10. fxe5 dxe5 11. Qe1 0-0 12. Kh1 Be6 13. Qg3 Qc7 14. Be2 Kh8 15. Bg5 Rad8 16. Rad1 h6 17. Qh4 Ng8 18. Bxe7 Qxe7 19. Qf2 Rxd1 20. Rxd1 f5 21. exf5 Rxf5 22. Qe3 Nf6 23. Qd2 Nd5 24. Nxd5 cxd5 25. Bg4 Rf4 26. Bxe6 Qxe6 27. Re1 e4 28. Qxf4 1-0

[Event "Titled Tuesday intern op 10th Jan Early"]
[Site "Chess.com INT"]
[Date "2023.01.10"]
[Round "8"]
[White "Sihite, Chelsie Monica"]
[Black "Tanenbaum, Zachary Chen"]
[Result "0-1"]
[WhiteElo "2266"]
[BlackElo "2244"]
[PlyCount "148"]
[EventDate "2023.01.10"]
[EventType "swiss (blitz)"]
[EventRounds "11"]
[EventCountry "USA"]
[SourceTitle "EXT 2024"]
[Source "ChessBase"]
[SourceDate "2023.10.10"]
[SourceVersion "1"]
[SourceVersionDate "2023.10.10"]
[SourceQuality "1"]

1. e4 e5 2. Nf3 Nc6 3. Bc4 Nf6 4. d3 Be7 5. 0-0 0-0 6. Bb3 d5 7. Nbd2 Bg4 8. h3 Bh5 9. c3 Bc5 10. Qe2 Re8 11. Rd1 dxe4 12. Nxe4 Nxe4 13. dxe4 Qf6 14. Ba4 Re6 15. g4 Qg6 16. Kh1 Bxg4 17. hxg4 Qxg4 18. Ng1 Qh4+ 19. Kg2 Rg6+ 20. Kf1 Qh1 21. Qf3 Rxg1+ 22. Ke2 Rxd1 23. Bxd1 Qxf3+ 24. Kxf3 Rd8 25. Bb3 Rd6 26. Ke2 Rf6 27. Be3 Bxe3 28. Kxe3 Rd6 29. Rg1 g6 30. Rg2 Kg7 31. f4 exf4+ 32. Kxf4 Rf6+ 33. Ke3 Ne5 34. Kd4 Nc6+ 35. Ke3 Rd6 36. Rf2 Ne5 37. Rf1 f6 38. Rg1 h5 39. Bd1 Nc4+ 40. Kf4 Rd2 41. Bxh5 Rf2+ 42. Kg3 Rxb2 43. Kf3 Ne5+ 44. Ke3 Rxa2 45. Be2 Rc2 46. Rb1 b6 47. Ra1 a5 48. Ra3 g5 49. Rb3 g4 50. Bd1 Ra2 51. Kf4 Rf2+ 52. Kg3 Rd2 53. Bxg4 Rd3+ 54. Kf4 Nxg4 55. Kxg4 a4 56. Rb4 a3 57. Rb3 a2 58. Ra3 Rd2 59. Kf5 Rf2+ 60. Ke6 Kg6 61. Ra8 b5 62. Rg8+ Kh7 63. Rg1 c5 64. Kf7 Rh2 65. Kxf6 b4 66. e5 b3 67. e6 b2 68. e7 Rf2+ 69. Ke6 Re2+ 70. Kf7 Rxe7+ 71. Kf6 b1Q 72. Rg5 Qf1+ 73. Rf5 Qxf5+ 74. Kxe7 a1Q 0-1

[Event "Speed Chess (Women) Q2"]
[Site "Chess.com INT"]
[Date "2022.05.26"]
[Round "14"]
[White "Bach, Ngoc Thuy Duong"]
[Black "Sihite, Chelsie Monica"]
[Result "1-0"]
[WhiteElo "2192"]
[BlackElo "2245"]
[PlyCount "89"]
[EventDate "2022.05.26"]
[EventType "swiss (blitz)"]
[EventRounds "14"]
[EventCountry "USA"]
[SourceTitle "CBM 208 Extra"]
[Source "ChessBase"]
[SourceDate "2022.07.31"]
[SourceVersion "1"]
[SourceVersionDate "2022.07.31"]
[SourceQuality "1"]

1. d4 Nf6 2. c4 e6 3. Nc3 d5 4. cxd5 exd5 5. Bg5 c6 6. Qc2 Be7 7. e3 0-0 8. Bd3 h6 9. Bf4 Na6 10. a3 Nc7 11. Nf3 Ne6 12. Be5 Nd7 13. Bg3 f5 14. Bxf5 Nf6 15. Bd3 Bd6 16. Ne5 Bxe5 17. dxe5 Nh5 18. Ne2 d4 19. exd4 Nxg3 20. hxg3 Nxd4 21. Nxd4 Qxd4 22. Qc4+ Qxc4 23. Bxc4+ Kh7 24. Ke2 Bf5 25. Rad1 Rae8 26. f4 g5 27. Ke3 gxf4+ 28. gxf4 Re7 29. Rd6 Bg6 30. g3 Kg7 31. Bd3 Bxd3 32. Kxd3 Rh8 33. Ke4 h5 34. f5 Ree8 35. Kf4 Kf7 36. Rd7+ Re7 37. Rhd1 Rg8 38. e6+ Kf6 39. Rxe7 Rg4+ 40. Kf3 Kxe7 41. Rd7+ Ke8 42. f6 Rg6 43. f7+ Kf8 44. Rd8+ Ke7 45. f8Q+ 1-0

[Event "Speed Chess (Women) Q2"]
[Site "Chess.com INT"]
[Date "2022.05.26"]
[Round "12"]
[White "Priyanka, Nutakki"]
[Black "Sihite, Chelsie Monica"]
[Result "1-0"]
[WhiteElo "2303"]
[BlackElo "2245"]
[PlyCount "79"]
[EventDate "2022.05.26"]
[EventType "swiss (blitz)"]
[EventRounds "14"]
[EventCountry "USA"]
[SourceTitle "CBM 208 Extra"]
[Source "ChessBase"]
[SourceDate "2022.07.31"]
[SourceVersion "1"]
[SourceVersionDate "2022.07.31"]
[SourceQuality "1"]

1. d4 Nf6 2. Nf3 e6 3. Bf4 b6 4. e3 Bb7 5. Bd3 Nh5 6. Bg3 Nxg3 7. hxg3 g6 8. c4 Bg7 9. Nc3 d6 10. 0-0 Qe7 11. Qe2 Nd7 12. b4 c5 13. bxc5 dxc5 14. Rab1 0-0 15. Be4 Bxe4 16. Nxe4 cxd4 17. exd4 Rac8 18. Rfd1 Rfd8 19. a4 Qa3 20. Ra1 Qb4 21. c5 bxc5 22. Rdb1 Qa5 23. Nd6 cxd4 24. Nxc8 Rxc8 25. Qb5 Qd8 26. Rd1 e5 27. Nd2 Nb6 28. Rac1 Rb8 29. Qa6 f5 30. Rb1 Ra8 31. a5 Nd5 32. Rb7 Nc3 33. Re1 e4 34. Nc4 d3 35. Qe6+ Kh8 36. Nd6 d2 37. Nf7+ Kg8 38. Nxd8+ Kh8 39. Nf7+ Kg8 40. Nh6+ 1-0

[Event "Speed Chess (Women) Q2"]
[Site "Chess.com INT"]
[Date "2022.05.26"]
[Round "11"]
[White "Sihite, Chelsie Monica"]
[Black "Maltsevskaya, Aleksandra"]
[Result "1-0"]
[WhiteElo "2245"]
[BlackElo "2396"]
[PlyCount "67"]
[EventDate "2022.05.26"]
[EventType "swiss (blitz)"]
[EventRounds "14"]
[EventCountry "USA"]
[SourceTitle "CBM 208 Extra"]
[Source "ChessBase"]
[SourceDate "2022.07.31"]
[SourceVersion "1"]
[SourceVersionDate "2022.07.31"]
[SourceQuality "1"]

1. c4 Nf6 2. Nf3 g6 3. g3 Bg7 4. Bg2 0-0 5. 0-0 d6 6. d4 Nbd7 7. Nc3 e5 8. dxe5 dxe5 9. Qc2 Qe7 10. b3 c6 11. a4 Re8 12. Ba3 Qd8 13. Rfd1 h6 14. Bd6 e4 15. Nh4 e3 16. f4 a5 17. c5 Ra6 18. Bh3 b6 19. Nxg6 fxg6 20. Qxg6 bxc5 21. Bf5 Qb6 22. Ne4 Rxe4 23. Bxe4 Nf8 24. Bxf8 Kxf8 25. Bd3 Ra8 26. Bc4 Ra7 27. Rd6 Ne8 28. Rxc6 Qd8 29. f5 Rd7 30. Rf1 Bb7 31. f6 Nxf6 32. Rcxf6+ Bxf6 33. Rxf6+ Ke7 34. Qf7# 1-0

[Event "SEA Blitz (Women) Team 31st"]
[Site "Ha Long"]
[Date "2022.05.21"]
[Round "2.1"]
[White "Pham, Le Thao Nguyen"]
[Black "Sihite, Chelsie Monica"]
[Result "1/2-1/2"]
[WhiteElo "2369"]
[BlackElo "2245"]
[PlyCount "58"]
[EventDate "2022.05.21"]
[EventType "team-tourn (blitz)"]
[EventRounds "5"]
[EventCountry "VIE"]
[SourceTitle "CBM 208 Extra"]
[Source "ChessBase"]
[SourceDate "2022.07.31"]
[SourceVersion "1"]
[SourceVersionDate "2022.07.31"]
[SourceQuality "1"]
[WhiteTeam "Vietnam"]
[BlackTeam "Indonesia"]
[WhiteTeamCountry "VIE"]
[BlackTeamCountry "INA"]

1. d4 Nf6 2. Nf3 e6 3. Bf4 b6 4. e3 Bb7 5. Nbd2 Nh5 6. Bg3 Be7 7. Bd3 d6 8. Qe2 Qc8 9. Bh4 Bxh4 10. Nxh4 Nf6 11. Nhf3 Nbd7 12. c3 0-0 13. 0-0 e5 14. e4 Re8 15. Rfe1 Nf8 16. dxe5 dxe5 17. Bc4 Ng6 18. g3 a6 19. a4 Re7 20. h4 Qh3 21. Qf1 Qc8 22. Qe2 Qh3 23. Qf1 Qc8 24. Bb3 c5 25. Bc4 Qc7 26. Qe2 Qc8 27. Qf1 Qc7 28. Qe2 Qc8 29. Qf1 Qc7 1/2-1/2

[Event "SEA Blitz (Women) Team 31st"]
[Site "Ha Long"]
[Date "2022.05.21"]
[Round "1.1"]
[White "Sihite, Chelsie Monica"]
[Black "Frayna, Janelle Mae"]
[Result "0-1"]
[WhiteElo "2245"]
[BlackElo "2221"]
[PlyCount "102"]
[EventDate "2022.05.21"]
[EventType "team-tourn (blitz)"]
[EventRounds "5"]
[EventCountry "VIE"]
[SourceTitle "CBM 208 Extra"]
[Source "ChessBase"]
[SourceDate "2022.07.31"]
[SourceVersion "1"]
[SourceVersionDate "2022.07.31"]
[SourceQuality "1"]
[WhiteTeam "Indonesia"]
[BlackTeam "Philippines"]
[WhiteTeamCountry "INA"]
[BlackTeamCountry "PHI"]

1. e4 c6 2. d4 d5 3. Nc3 dxe4 4. Nxe4 Bf5 5. Ng3 Bg6 6. h4 h6 7. h5 Bh7 8. Nf3 e6 9. Bd3 Bxd3 10. Qxd3 Nf6 11. Bd2 Be7 12. 0-0-0 0-0 13. Ne4 Nxe4 14. Qxe4 Qd5 15. Qxd5 cxd5 16. Kb1 Nc6 17. Be3 b5 18. g4 f5 19. gxf5 Rxf5 20. Nd2 a5 21. Rdg1 Kh7 22. Rg6 Bf6 23. Rg4 e5 24. c3 b4 25. Nb3 bxc3 26. bxc3 a4 27. Nc5 exd4 28. cxd4 Rb8+ 29. Kc2 Nb4+ 30. Kd2 Nxa2 31. Nxa4 Rb4 32. Nc5 Rc4 33. Ra1 Nb4 34. Ra4 Rxh5 35. Ne6 Nc6 36. Ra8 Rf5 37. Nf8+ Kg8 38. Ng6+ Kf7 39. Rc8 Nxd4 40. Nh8+ Ke6 41. Rxc4 Nf3+ 42. Ke2 dxc4 43. Rxc4 Ne5 44. Ra4 g5 45. Ra6+ Kd5 46. Ra8 Bxh8 47. Rxh8 Ng4 48. Ba7 Rf7 49. Bb6 Rf6 50. Ba7 Ne5 51. Rxh6 Rxh6 0-1

[Event "SEA Blitz (Women) 31st"]
[Site "Ha Long"]
[Date "2022.05.20"]
[Round "4.1"]
[White "Gong, Qianyun"]
[Black "Sihite, Chelsie Monica"]
[Result "0-1"]
[WhiteElo "2348"]
[BlackElo "2245"]
[PlyCount "110"]
[EventDate "2022.05.20"]
[EventType "swiss (blitz)"]
[EventRounds "5"]
[EventCountry "VIE"]
[SourceTitle "CBM 208 Extra"]
[Source "ChessBase"]
[SourceDate "2022.07.31"]
[SourceVersion "1"]
[SourceVersionDate "2022.07.31"]
[SourceQuality "1"]

1. e4 e5 2. Nf3 Nc6 3. Bb5 a6 4. Ba4 Nf6 5. 0-0 b5 6. Bb3 Bc5 7. c3 d6 8. h3 0-0 9. d4 Bb6 10. Bg5 Bd7 11. Re1 Kh8 12. a4 Rb8 13. axb5 axb5 14. Qd3 h6 15. Bh4 g5 16. Nxg5 hxg5 17. Bxg5 Rg8 18. h4 Qe7 19. d5 Na5 20. Bd1 Rg6 21. Nd2 Qf8 22. Nf1 Nh7 23. Be3 Qe7 24. h5 Rg7 25. Ng3 Rbg8 26. Bxb6 cxb6 27. b4 Nc4 28. Ra7 Qd8 29. Be2 Nb2 30. Qe3 Na4 31. c4 bxc4 32. Bxc4 b5 33. Bf1 Nb6 34. Rea1 Nc4 35. Qc3 Qb6 36. Nf5 Bxf5 37. exf5 Nf6 38. h6 Rh7 39. R1a6 Qd4 40. Qxd4 exd4 41. Bxc4 bxc4 42. Rxd6 Ne4 43. Rc6 c3 44. f3 Nd2 45. b5 Nxf3+ 46. Kf2 Ne5 47. Rcc7 c2 48. Rxc2 Rxh6 49. Re2 Nd3+ 50. Kg1 Nf4 51. Rd2 Rf6 52. Rda2 Rxf5 53. b6 d3 54. Rf2 Nh3+ 55. Kh2 Nxf2 0-1